000 00698nam a2200217Ii 4500
003 JO-AjNU
008 230605s9999||||xx |||||||||||||| ||und||
020 _a978-977-308-437-0
040 _aJO-AjNU
_bara
_erda
_cJO-AjNU
041 _aara
050 1 4 _aRC437.S5258.2021
100 3 _aالشربيني، لطفي,
_eauthor
_961922
245 0 0 _aما حقيقة هذه الاضطرابات النفسية
250 _aط1
264 3 1 _aدسوق: دار العلم والايمان للنشر والتوزيع، 2021
300 _a243ص
336 _atext
_btxt
_2rdacontent
337 _aunmediated
_bn
_2rdamedia
338 _avolume
_bnc
_2rdacarrier
650 4 _aعلم النفس
_961923
999 _aA28014
_c31582
_d31582